000 00911nac a22002531u 4500
010 _a2004114068
020 _a9812438971
082 0 0 _a658.3
_bM5271
090 _c1151
_d1151
100 _aMello, Jeffrey A.
245 1 0 _aStrategic human resource management /
_cJeffrey A. Mello.
250 _a2nd ed.
260 _aAustralia :
_bThomson/South-Western,
_cc2004.
300 _axxi, 475 p. :
_bill. ;
_c25 cm.
504 _aIncludes bibliographical references and indexes.
650 0 _aOrganizational effectiveness.
650 0 _aOrganizational effectiveness
_vCase studies.
650 0 _aStrategic planning.
650 0 _aHuman capital.
650 0 _aLabor productivity.
650 0 _aPersonnel management.
942 _cBB
_k658.3M5271
999 _c1151
_d1151